[Event "SC Falke Saerbeck 1 - Südlohner SV 2"]
[Site "Verbandsklasse 2018/2019"]
[Date "2019.02.09"]
[Round "6.1"]
[White "Emming, Benedikt"]
[Black "Vos, Thomas"]
[Result "0-1"]
[WhiteElo "1825"]
[BlackElo "2044"]
[PlyCount "88"]
[EventDate "2019.??.??"]
[SourceDate "2018.10.06"]

1. e4 d5 2. exd5 Qxd5 3. Nc3 Qd6 4. Nf3 Nf6 5. Be2 Bf5 6. d3 Nc6 7. Be3 e6 8.
Qd2 Be7 9. h3 a6 10. a3 e5 11. Ng5 Nd4 12. Nge4 Qc6 13. Nxf6+ Bxf6 14. O-O
O-O-O 15. Bxd4 exd4 16. Na2 g5 17. c4 dxc3 18. Nxc3 Qd7 19. Qe3 Bd4 20. Qg3 h5
21. Rac1 Rde8 22. Nd5 c6 23. Rc4 Qxd5 24. Bf3 Be5 25. Bxd5 Bxg3 26. fxg3 Bxd3
27. Rxf7 Bxc4 28. Bxc4 Rhf8 29. h4 gxh4 30. gxh4 Rxf7 31. Bxf7 Re5 32. Kh2 Kd8
33. g4 hxg4 34. Kg3 Ke7 35. Bg6 Kf6 36. Bh7 Re7 37. Bb1 Re1 38. Bh7 Rg1+ 39.
Kf2 Rd1 40. Kg3 Rd4 41. h5 Kg5 42. Bg6 Rf4 43. Be8 Rf3+ 44. Kg2 Rb3 0-1

[Event "SC Falke Saerbeck 1 - Südlohner SV 2"]
[Site "Verbandsklasse 2018/2019"]
[Date "2019.02.09"]
[Round "6.2"]
[White "Hegemann, Eike"]
[Black "Sparwel, Oliver"]
[Result "0-1"]
[WhiteElo "1958"]
[BlackElo "1901"]
[PlyCount "82"]
[EventDate "2019.??.??"]
[SourceDate "2018.10.06"]

1. e4 d6 2. d4 Nd7 3. Nf3 e5 4. c3 Ngf6 5. Bd3 Be7 6. O-O O-O 7. Nbd2 b6 8. Re1
c5 9. dxe5 dxe5 10. Nc4 Qc7 11. Bg5 Bb7 12. Ne3 g6 13. Qb3 Kg7 14. Nh4 Rae8 15.
Nhf5+ gxf5 16. Nxf5+ Kh8 17. Bh6 Rg8 18. Qxf7 Bf8 19. Re3 Bxh6 20. Nxh6 Ref8
21. Qe6 Rg6 22. Rh3 c4 23. Bxc4 Nc5 24. Nf7+ Kg7 25. Qxe5 Rxf7 26. Qxc7 Rxc7
27. f3 Na4 28. e5 Nd7 29. Bd3 Rh6 30. Rg3+ Kf7 31. Bc2 Nxb2 32. f4 Rh4 33. Re1
Bd5 34. f5 Bxa2 35. e6+ Kf6 36. e7 Bf7 37. Rg8 Ne5 38. e8=Q Bxe8 39. Rxe8 Nbc4
40. g3 Nf3+ 41. Kf2 Nxe1 0-1

[Event "SC Falke Saerbeck 1 - Südlohner SV 2"]
[Site "Verbandsklasse 2018/2019"]
[Date "2019.02.09"]
[Round "6.3"]
[White "Schmeing, Walter"]
[Black "Fischer, Andreas"]
[Result "1/2-1/2"]
[WhiteElo "1960"]
[BlackElo "1917"]
[PlyCount "82"]
[EventDate "2019.??.??"]
[SourceDate "2018.10.06"]

1. e4 d5 2. exd5 Qxd5 3. Nc3 Qa5 4. d4 c6 5. Nf3 Bf5 6. Bd3 Bxd3 7. Qxd3 Qa6 8.
Ne5 Qxd3 9. Nxd3 e6 10. Ne4 Nd7 11. Bf4 Ngf6 12. Nd2 Nd5 13. Bg3 Nb4 14. Nxb4
Bxb4 15. c3 Be7 16. Nc4 O-O-O 17. O-O-O Nf6 18. f3 Ne8 19. Rhe1 Nd6 20. Ne5
Rhf8 21. Bf2 Kc7 22. Kc2 b5 23. b3 Bf6 24. Nd3 Be7 25. Ra1 Nc8 26. a4 a6 27.
axb5 axb5 28. Ra6 Bd6 29. Rea1 Kd7 30. Bg3 Bxg3 31. hxg3 Kc7 32. Ne5 Ne7 33.
Ra7+ Kd6 34. c4 f6 35. Nd3 bxc4 36. bxc4 e5 37. dxe5+ fxe5 38. Nxe5 Kxe5 39.
Rxe7+ Kf6 40. Re4 Rfe8 41. Rae1 Rxe4 1/2-1/2

[Event "SC Falke Saerbeck 1 - Südlohner SV 2"]
[Site "Verbandsklasse 2018/2019"]
[Date "2019.02.09"]
[Round "6.4"]
[White "Kipp, Lucas"]
[Black "Teloeken, Stefan"]
[Result "1-0"]
[WhiteElo "1908"]
[BlackElo "1815"]
[PlyCount "61"]
[EventDate "2019.??.??"]
[SourceDate "2018.10.06"]

1. e4 c5 2. c3 Nf6 3. e5 Nd5 4. d4 cxd4 5. Nf3 Nc6 6. Bc4 Nb6 7. Bb3 d5 8. cxd4
Bg4 9. Nc3 e6 10. a3 Be7 11. Be3 Qd7 12. h3 Bf5 13. O-O O-O 14. Bc2 Bxc2 15.
Qxc2 h6 16. Nd2 Na5 17. b3 Rac8 18. Qd3 a6 19. f4 Rc7 20. f5 Rfc8 21. Ne2 exf5
22. Rxf5 Qb5 23. Qxb5 axb5 24. Rf2 Rc2 25. Raf1 Bxa3 26. Rxf7 Bb4 27. Ng3 Bxd2
28. Bxd2 Rxd2 29. Nh5 Rxd4 30. Rxg7+ Kh8 31. Rff7 1-0

[Event "SC Falke Saerbeck 1 - Südlohner SV 2"]
[Site "Verbandsklasse 2018/2019"]
[Date "2019.02.09"]
[Round "6.5"]
[White "Albers, Thomas"]
[Black "Hoge, Reinhard"]
[Result "0-1"]
[WhiteElo "1736"]
[BlackElo "1902"]
[PlyCount "112"]
[EventDate "2019.??.??"]
[SourceDate "2018.10.06"]

1. d4 Nf6 2. Nf3 g6 3. Bf4 Bg7 4. e3 d6 5. Bd3 O-O 6. O-O c5 7. c3 b6 8. Qe2
Bb7 9. Nbd2 Nc6 10. e4 cxd4 11. Nxd4 e5 12. Nxc6 Bxc6 13. Be3 d5 14. exd5 Nxd5
15. Rad1 Rc8 16. Ba6 Rc7 17. Nf3 Rd7 18. Bc4 Qc7 19. Bb3 Nxe3 20. Qxe3 Rfd8 21.
Rxd7 Rxd7 22. Rd1 Rxd1+ 23. Bxd1 Qd7 24. Qd2 Qxd2 25. Nxd2 Bh6 26. Nf3 f6 27.
c4 Bc1 28. b3 Kf7 29. Kf1 Ke7 30. Ke2 Kd6 31. Ne1 Bh6 32. f3 f5 33. a4 Bg7 34.
Bc2 e4 35. g3 Kc5 36. fxe4 fxe4 37. Ng2 Bh6 38. Ne3 Kd4 39. Ng4 Bg7 40. Nf2 Kc3
41. Bxe4 Bxe4 42. Nxe4+ Kxb3 43. c5 Kxa4 44. cxb6 axb6 45. Kd1 b5 46. Kc2 b4
47. g4 b3+ 48. Kb1 Kb4 49. Ng5 h5 50. Ne6 Be5 51. gxh5 gxh5 52. h3 Kc4 53. Ng5
Kd5 54. Nf3 Ke6 55. Nd2 b2 56. Nc4 Kf5 0-1

[Event "SC Falke Saerbeck 1 - Südlohner SV 2"]
[Site "Verbandsklasse 2018/2019"]
[Date "2019.02.09"]
[Round "6.6"]
[White "Fayazi, Shahriar"]
[Black "Boecker, Manfred"]
[Result "1-0"]
[WhiteElo "1882"]
[BlackElo "1846"]
[PlyCount "79"]
[EventDate "2019.??.??"]
[SourceDate "2018.10.06"]

1. c4 e6 2. g3 d5 3. Bg2 Nf6 4. Nf3 Be7 5. b3 O-O 6. O-O c5 7. d3 b6 8. Bb2 Bb7
9. e3 Nbd7 10. Nc3 Re8 11. Qe2 a6 12. Rfd1 Qc7 13. Rd2 Rad8 14. cxd5 exd5 15.
Rc1 Nf8 16. Nd1 Qb8 17. Be5 Qa8 18. Bc7 Rd6 19. Bxd6 Bxd6 20. d4 Ng6 21. Rdc2
a5 22. Qb5 Bc6 23. Qe2 c4 24. Nd2 b5 25. a4 bxa4 26. bxc4 h5 27. c5 Bc7 28. Nc3
h4 29. Ra2 Qc8 30. Nxa4 Qf5 31. Nb6 hxg3 32. hxg3 Qg5 33. Nf1 Nh5 34. Qf3 Re6
35. Bh3 Rf6 36. Qg4 Qh6 37. Qc8+ Kh7 38. Qxc7 Bb5 39. Nxd5 Rf3 40. Bg2 1-0

[Event "SC Falke Saerbeck 1 - Südlohner SV 2"]
[Site "Verbandsklasse 2018/2019"]
[Date "2019.02.09"]
[Round "6.7"]
[White "Musholt, Joachim"]
[Black "Bartsch, Rainer"]
[Result "1/2-1/2"]
[WhiteElo "1713"]
[BlackElo "1741"]
[PlyCount "56"]
[EventDate "2019.??.??"]
[SourceDate "2018.10.06"]

1. d4 d5 2. Nf3 c6 3. c4 e6 4. Nc3 f5 5. e3 Nf6 6. Bd3 Bd6 7. O-O O-O 8. Nd2 e5
9. dxe5 Bxe5 10. f4 Bc7 11. Nf3 Ne4 12. Qc2 Na6 13. a3 Nac5 14. Bxe4 dxe4 15.
Rd1 Nd3 16. Ne1 Nxe1 17. Rxe1 Be6 18. b3 Qh4 19. Bb2 Rad8 20. Rad1 Rd6 21. Qf2
Qh5 22. Qe2 Qf7 23. Rxd6 Bxd6 24. Rd1 Qe7 25. b4 b6 26. Rd2 Rd8 27. Nd1 Bc7 28.
Bc3 Rxd2 1/2-1/2

[Event "SC Falke Saerbeck 1 - Südlohner SV 2"]
[Site "Verbandsklasse 2018/2019"]
[Date "2019.02.09"]
[Round "6.8"]
[White "May, Holger"]
[Black "Janssen, Guido"]
[Result "1/2-1/2"]
[WhiteElo "1725"]
[BlackElo "1677"]
[PlyCount "42"]
[EventDate "2019.??.??"]
[SourceDate "2018.10.06"]

1. c4 Nf6 2. g3 g6 3. Bg2 Bg7 4. Nc3 e5 5. Nf3 d6 6. O-O O-O 7. d3 Nc6 8. Rb1
a5 9. a3 Bf5 10. e4 Bd7 11. b4 axb4 12. axb4 Qc8 13. b5 Ne7 14. Bd2 Bg4 15. Qc2
Bh3 16. Nd5 Nexd5 17. cxd5 Bxg2 18. Kxg2 Nd7 19. Bb4 b6 20. Ra1 Nc5 21. Qc4 Qb7
1/2-1/2

[Event "SC Hiltrup 1 - SC Gronau 2"]
[Site "Verbandsklasse 2018/2019"]
[Date "2019.02.09"]
[Round "6.1"]
[White "Kloenne, Tim"]
[Black "Kammers, Heribert"]
[Result "1-0"]
[WhiteElo "1826"]
[BlackElo "1993"]
[PlyCount "69"]
[EventDate "2019.??.??"]
[SourceDate "2018.10.06"]

1. c4 e6 2. g3 d5 3. Bg2 Nf6 4. Nf3 Be7 5. O-O O-O 6. d4 c5 7. cxd5 exd5 8. Nc3
Nc6 9. Bg5 c4 10. Ne5 Be6 11. e3 h6 12. Bxf6 Bxf6 13. f4 Ne7 14. g4 Bxe5 15.
fxe5 Qd7 16. h3 b5 17. a3 Rab8 18. Rf2 Rfd8 19. Ne2 b4 20. Nf4 Nc6 21. Qf3 Qe7
22. Qg3 bxa3 23. bxa3 Rb3 24. Nh5 Rxa3 25. Rxa3 Qxa3 26. Qf4 Qf8 27. g5 Ne7 28.
gxh6 gxh6 29. e4 Ng6 30. Qg3 Kh8 31. exd5 Bxd5 32. Bxd5 Rxd5 33. Qxg6 Rxd4 34.
Qf6+ Kh7 35. Rg2 1-0

[Event "SC Hiltrup 1 - SC Gronau 2"]
[Site "Verbandsklasse 2018/2019"]
[Date "2019.02.09"]
[Round "6.3"]
[White "Binger, Friedhelm"]
[Black "Voigt, Stefan"]
[Result "1/2-1/2"]
[WhiteElo "1716"]
[BlackElo "1764"]
[PlyCount "33"]
[EventDate "2019.??.??"]
[SourceDate "2018.10.06"]

1. e4 c5 2. Nf3 e6 3. d4 cxd4 4. Nxd4 Bc5 5. Nb3 Bb6 6. Nc3 Ne7 7. Bc4 O-O 8.
O-O f5 9. Bd3 fxe4 10. Nxe4 d5 11. Ng5 h6 12. Nf3 Nbc6 13. Qe2 Qd6 14. c4 a5
15. a4 Ba7 16. Bd2 Bb8 17. g3 1/2-1/2

[Event "SC Hiltrup 1 - SC Gronau 2"]
[Site "Verbandsklasse 2018/2019"]
[Date "2019.02.09"]
[Round "6.5"]
[White "Reinhold, Klaus"]
[Black "Haves, Daniel"]
[Result "1-0"]
[WhiteElo "1816"]
[BlackElo "1618"]
[PlyCount "43"]
[EventDate "2019.??.??"]
[SourceDate "2018.10.06"]

1. d4 d6 2. c4 e5 3. Nc3 Nf6 4. Nf3 Nbd7 5. e4 Be7 6. Be2 O-O 7. O-O c6 8. h3
Re8 9. d5 Nc5 10. Qc2 a5 11. Be3 Rf8 12. Bxc5 dxc5 13. Nxe5 Bd6 14. Nf3 Nd7 15.
Rad1 Qe7 16. Qd2 Ne5 17. Nxe5 Qxe5 18. f4 Qd4+ 19. Kh1 Qxd2 20. Rxd2 Rd8 21.
dxc6 bxc6 22. Rfd1 1-0

[Event "SC Hiltrup 1 - SC Gronau 2"]
[Site "Verbandsklasse 2018/2019"]
[Date "2019.02.09"]
[Round "6.6"]
[White "Buchholz, Christian"]
[Black "Sprenger, Franz"]
[Result "1/2-1/2"]
[WhiteElo "1612"]
[BlackElo "1685"]
[PlyCount "164"]
[EventDate "2019.??.??"]
[SourceDate "2018.10.06"]

1. e4 e5 2. Nf3 Nc6 3. d4 exd4 4. Nxd4 Ne5 5. Bf4 Ng6 6. Bg3 d6 7. Nc3 Nf6 8.
Bc4 Be7 9. O-O O-O 10. Re1 a6 11. Nd5 Nxd5 12. exd5 Bf6 13. c3 Be5 14. Bxe5
Nxe5 15. Be2 Qf6 16. Nf3 Ng6 17. Qd4 Qxd4 18. Nxd4 Bd7 19. g3 Rae8 20. f4 Ne7
21. Bf3 c6 22. dxc6 bxc6 23. Kf2 c5 24. Nc2 Be6 25. b3 d5 26. Rad1 g6 27. Ne3
Rd8 28. Ng4 Kg7 29. Ne5 a5 30. g4 c4 31. bxc4 dxc4 32. Nxc4 Bxc4 33. Rxe7 Bxa2
34. Ra7 Bb3 35. Rxd8 Rxd8 36. Rxa5 Rc8 37. Ra3 Rxc3 38. Bd1 Bxd1 39. Rxc3 Bxg4
40. Kg3 h5 41. Rc5 Be6 42. Kh4 Kh6 43. Rc6 Bf5 44. Rb6 Be6 45. Rb8 Bd5 46. Rh8+
Kg7 47. Rd8 Be6 48. Kg5 Bh3 49. Rd6 Bf5 50. Rb6 Be6 51. Rb5 Bh3 52. Kh4 Be6 53.
Kg3 Kh6 54. h4 Kg7 55. Kf3 Bc4 56. Rb6 Bd5+ 57. Ke3 Be6 58. Ke4 Ba2 59. Ke5 Bc4
60. f5 gxf5 61. Kxf5 Bd3+ 62. Kg5 Bg6 63. Rd6 Bc2 64. Rf6 Bg6 65. Rf2 Be4 66.
Kxh5 Bd5 67. Kg5 Kh7 68. Rf1 Be6 69. Rg1 Kg7 70. h5 Bd5 71. h6+ Kh7 72. Rg3 Be6
73. Rf3 Bd5 74. Rc3 Be6 75. Rc2 Bh3 76. Rd2 Be6 77. Kf6 Bc4 78. Rd8 Be6 79. Rd2
Bc4 80. Rd7 Be6 81. Rxf7+ Bxf7 82. Kxf7 Kxh6 1/2-1/2

[Event "SC Hiltrup 1 - SC Gronau 2"]
[Site "Verbandsklasse 2018/2019"]
[Date "2019.02.09"]
[Round "6.8"]
[White "Tigranjan, Raphael"]
[Black "Molnar, Pal"]
[Result "1-0"]
[WhiteElo "1753"]
[BlackElo "1431"]
[PlyCount "33"]
[EventDate "2019.??.??"]
[SourceDate "2018.10.06"]

1. e4 c5 2. b3 Nc6 3. Bb2 d6 4. Nf3 Bg4 5. h3 Bh5 6. Nc3 Nd4 7. g4 Nxf3+ 8.
Qxf3 Bxg4 9. hxg4 a6 10. e5 Qd7 11. Bc4 e6 12. exd6 Bxd6 13. Ne4 Bf8 14. O-O-O
O-O-O 15. d4 Qc7 16. dxc5 Re8 17. Nd6+ 1-0

[Event "SF Beelen 2 - SK Königsspringer Nordwal"]
[Site "Verbandsklasse 2018/2019"]
[Date "2019.02.09"]
[Round "6.1"]
[White "Sandmann, Matthias"]
[Black "Waeltermann, Thomas"]
[Result "1-0"]
[WhiteElo "1755"]
[BlackElo "1747"]
[PlyCount "67"]
[EventDate "2019.??.??"]
[SourceDate "2018.10.06"]

1. Nf3 Nf6 2. c4 g6 3. Nc3 Bg7 4. g3 d6 5. Bg2 e5 6. O-O Nc6 7. d4 O-O 8. dxe5
Nxe5 9. Qb3 Qe7 10. Bg5 h6 11. Nd5 Qd8 12. Nxf6+ Bxf6 13. Bxh6 Nxf3+ 14. Bxf3
Bh3 15. Bxf8 Bxf1 16. Bxd6 Bxe2 17. Bxc7 Qxc7 18. Bxe2 Qe5 19. Bf3 Rb8 20. Rb1
b6 21. Qc2 Rd8 22. b4 Rd4 23. c5 Qc7 24. c6 b5 25. a4 Rc4 26. Qd3 Rc3 27. Qe2
bxa4 28. Rd1 a3 29. Qe8+ Kg7 30. Bd5 Rc2 31. h4 Rb2 32. Bxf7 Qb6 33. Qg8+ Kh6
34. Qxg6# 1-0

[Event "SF Beelen 2 - SK Königsspringer Nordwal"]
[Site "Verbandsklasse 2018/2019"]
[Date "2019.02.09"]
[Round "6.2"]
[White "Hanewinkel, Christian"]
[Black "Lerke, Bernd"]
[Result "0-1"]
[WhiteElo "1702"]
[BlackElo "1843"]
[PlyCount "132"]
[EventDate "2019.??.??"]
[SourceDate "2018.10.06"]

1. e4 e6 2. d4 d5 3. Bd3 dxe4 4. Bxe4 Nf6 5. Bf3 Nbd7 6. Ne2 Be7 7. Bf4 O-O 8.
c4 Nb6 9. b3 Bd6 10. Nbc3 Re8 11. O-O Bxf4 12. Nxf4 c6 13. Re1 Qd6 14. Qd2 Nbd7
15. c5 Nxc5 16. Qe3 Ncd7 17. Rad1 Nf8 18. Nd3 Bd7 19. Ne4 Nxe4 20. Bxe4 Rad8
21. h4 Bc8 22. Ne5 f6 23. Nc4 Qc7 24. Qc3 Nd7 25. g3 Re7 26. h5 h6 27. Ne3 f5
28. d5 Qe5 29. Qxe5 Nxe5 30. d6 Red7 31. Bg2 Nf7 32. Nc4 Nxd6 33. Ne5 Rc7 34.
Nc4 Nf7 35. Rxd8+ Nxd8 36. Nd6 Kf8 37. Bh3 Bd7 38. g4 Nf7 39. Nc4 Ng5 40. Kg2
f4 41. Ne5 Be8 42. Kh2 c5 43. Bf1 b5 44. Kg2 Ke7 45. Rc1 Kd6 46. Re1 a6 47. Be2
Bc6+ 48. Nxc6 Kxc6 49. Bf3+ Kd6 50. Rd1+ Ke5 51. Be2 c4 52. f3 cxb3 53. axb3
Rc3 54. Rb1 Kd4 55. Kf2 e5 56. b4 e4 57. Rd1+ Ke5 58. fxe4 Kxe4 59. Rd7 f3 60.
Bf1 Kf4 61. Rd4+ Ne4+ 62. Kg1 Rc1 63. g5 hxg5 64. Rd7 Kg3 65. Rd3 g4 66. h6 Ng5
0-1

[Event "SF Beelen 2 - SK Königsspringer Nordwal"]
[Site "Verbandsklasse 2018/2019"]
[Date "2019.02.09"]
[Round "6.3"]
[White "Kasubke, Manfred"]
[Black "Beckmann, Frank"]
[Result "1/2-1/2"]
[WhiteElo "1846"]
[BlackElo "1746"]
[PlyCount "43"]
[EventDate "2019.??.??"]
[SourceDate "2018.10.06"]

1. e4 e6 2. c4 d5 3. exd5 exd5 4. cxd5 Qxd5 5. Nc3 Qe6+ 6. Be2 Bd7 7. d4 Bd6 8.
Nf3 f6 9. O-O Ne7 10. Re1 Qf7 11. Ne4 Bb4 12. Bd2 Bxd2 13. Nfxd2 Be6 14. Bc4
Bd5 15. Qa4+ Nbc6 16. Bxd5 Qxd5 17. Nc3 Qd7 18. d5 Ne5 19. Qxd7+ Kxd7 20. f4
Nd3 21. Re4 Rhe8 22. Rd4 1/2-1/2

[Event "SF Beelen 2 - SK Königsspringer Nordwal"]
[Site "Verbandsklasse 2018/2019"]
[Date "2019.02.09"]
[Round "6.4"]
[White "Hofene, Markus"]
[Black "Mense, Jens Uwe"]
[Result "1/2-1/2"]
[WhiteElo "1669"]
[BlackElo "1822"]
[PlyCount "20"]
[EventDate "2019.??.??"]
[SourceDate "2018.10.06"]

1. e4 e6 2. d4 d5 3. Nc3 Nf6 4. e5 Nfd7 5. f4 c5 6. Nf3 Nc6 7. Ne2 Be7 8. c3
O-O 9. Ng3 f6 10. Bd3 Qb6 1/2-1/2

[Event "SF Beelen 2 - SK Königsspringer Nordwal"]
[Site "Verbandsklasse 2018/2019"]
[Date "2019.02.09"]
[Round "6.5"]
[White "Hols, Bernhard"]
[Black "Grothues, Fabian"]
[Result "1-0"]
[WhiteElo "1768"]
[BlackElo "1594"]
[PlyCount "122"]
[EventDate "2019.??.??"]
[SourceDate "2018.10.06"]

1. Nf3 d5 2. d4 Bf5 3. Bf4 Nf6 4. e3 e6 5. Bd3 Bd6 6. Bxf5 exf5 7. Bg3 c6 8.
Nbd2 Qc7 9. Ne5 Nbd7 10. Ndf3 Nh5 11. Nxd7 Nxg3 12. Nf6+ Ke7 13. Nxd5+ cxd5 14.
hxg3 Rac8 15. c3 g6 16. Qb3 Qc6 17. a4 h5 18. Kd2 Kf6 19. Ne1 Rhd8 20. Nd3 a5
21. Rhc1 Rc7 22. Rc2 Rdc8 23. Rac1 b6 24. Nf4 Bxf4 25. gxf4 Qe6 26. Qb5 Rc6 27.
f3 Qd6 28. c4 dxc4 29. Rxc4 Rxc4 30. Rxc4 Rxc4 31. Qxc4 g5 32. fxg5+ Kxg5 33.
d5 Qf6 34. Qd4 Qd8 35. g3 Kg6 36. d6 f6 37. Qd5 Qd7 38. b3 Kg7 39. Kd3 Kg6 40.
e4 f4 41. gxf4 h4 42. Qf5+ Qxf5 43. exf5+ Kf7 44. Ke2 h3 45. Kf2 Ke8 46. Kg3 h2
47. Kxh2 Kd7 48. Kh3 Kxd6 49. Kg4 Kc5 50. Kh5 Kb4 51. Kg6 Kxb3 52. Kxf6 Kxa4
53. Ke7 b5 54. f6 b4 55. f7 Ka3 56. f8=Q b3 57. f5 a4 58. f6 Ka2 59. f7 a3 60.
Qb8 b2 61. f8=Q b1=Q 1-0

[Event "SF Beelen 2 - SK Königsspringer Nordwal"]
[Site "Verbandsklasse 2018/2019"]
[Date "2019.02.09"]
[Round "6.6"]
[White "Gaebler, Marcel"]
[Black "Keller, Hansjuergen"]
[Result "1-0"]
[WhiteElo "1588"]
[BlackElo "1673"]
[PlyCount "71"]
[EventDate "2019.??.??"]
[SourceDate "2018.10.06"]

1. d4 d5 2. c4 e6 3. Nc3 Nf6 4. e3 Be7 5. Nf3 O-O 6. b3 c5 7. Bd3 dxc4 8. bxc4
Nc6 9. O-O b6 10. Bb2 Bb7 11. a3 Rc8 12. d5 Na5 13. e4 exd5 14. exd5 Ba6 15.
Nd2 Bd6 16. Qf3 Nd7 17. Qh3 g6 18. f4 f5 19. Rae1 Qc7 20. Qh6 Nf6 21. Re6 Ng4
22. Qg5 Rce8 23. Bxf5 Rxf5 24. Rxe8+ Kf7 25. Qd8 Qxd8 26. Rxd8 Bxf4 27. Nce4
Nxc4 28. Nxc4 Bxc4 29. Nd6+ Bxd6 30. Rxf5+ Ke7 31. Rff8 Bxh2+ 32. Kh1 Bd6 33.
Rfe8+ Kf7 34. Re6 Bg3 35. Rd7+ Kf8 36. Bg7+ 1-0

[Event "SF Beelen 2 - SK Königsspringer Nordwal"]
[Site "Verbandsklasse 2018/2019"]
[Date "2019.02.09"]
[Round "6.7"]
[White "Steens, Rudolf"]
[Black "Bleier, Thomas"]
[Result "1/2-1/2"]
[WhiteElo "1779"]
[BlackElo "1635"]
[PlyCount "36"]
[EventDate "2019.??.??"]
[SourceDate "2018.10.06"]

1. e4 e6 2. d4 d5 3. e5 c5 4. c3 Nc6 5. Nf3 Qb6 6. Bd3 Bd7 7. O-O cxd4 8. cxd4
Nxd4 9. Ng5 Ne7 10. Nxh7 Nec6 11. Nxf8 Kxf8 12. Re1 Rc8 13. Nc3 a6 14. Na4 Qc7
15. Bf4 g5 16. Bg3 Nb4 17. Nc3 Nxd3 18. Qxd3 Nf5 1/2-1/2

[Event "SF Beelen 2 - SK Königsspringer Nordwal"]
[Site "Verbandsklasse 2018/2019"]
[Date "2019.02.09"]
[Round "6.8"]
[White "Leismann, Franz Josef"]
[Black "Schmidt, Ralf"]
[Result "1/2-1/2"]
[WhiteElo "1499"]
[BlackElo "1597"]
[PlyCount "56"]
[EventDate "2019.??.??"]
[SourceDate "2018.10.06"]

1. d4 e6 2. e4 d5 3. exd5 exd5 4. Bd3 Nf6 5. Nf3 Be7 6. c3 O-O 7. O-O c5 8. b3
Nc6 9. Bb2 Qb6 10. Qc2 cxd4 11. Nxd4 Bc5 12. Nf3 h6 13. Nbd2 Ng4 14. Nd4 Bxd4
15. cxd4 Nxd4 16. Qc3 Ne6 17. Rae1 Nf6 18. Nf3 Bd7 19. Qd2 d4 20. Nxd4 Rfd8 21.
Nxe6 Bxe6 22. Bxf6 gxf6 23. Qc2 Rac8 24. Qb1 Rd4 25. Re3 Rg4 26. Bf5 Rg5 27.
Bxe6 fxe6 28. Qe4 Re8 1/2-1/2

[Event "SC Rochade Emsdetten 3 - SV Ibbenbüren "]
[Site "Verbandsklasse 2018/2019"]
[Date "2019.02.09"]
[Round "6.1"]
[White "Welp, Michael"]
[Black "Bahr, Maximilian"]
[Result "1-0"]
[WhiteElo "1872"]
[BlackElo "1672"]
[PlyCount "47"]
[EventDate "2019.??.??"]
[SourceDate "2018.10.06"]

1. e4 d5 2. exd5 Nf6 3. d4 Bg4 4. f3 Bf5 5. Bb5+ Nbd7 6. c4 e6 7. Qe2 Bb4+ 8.
Bd2 Qe7 9. dxe6 fxe6 10. Nc3 O-O-O 11. a3 Bxc3 12. Bxc3 Nb6 13. Bb4 Qf7 14. c5
Nbd5 15. c6 Nf4 16. Qd2 e5 17. cxb7+ Kxb7 18. Bc5 Qb3 19. Qa5 Nxg2+ 20. Kf2
Ne4+ 21. Kxg2 Qc2+ 22. Ne2 Nxc5 23. Rhc1 Qd2 24. Qxd2 1-0

[Event "SC Rochade Emsdetten 3 - SV Ibbenbüren "]
[Site "Verbandsklasse 2018/2019"]
[Date "2019.02.09"]
[Round "6.2"]
[White "Colmer, Willi"]
[Black "Langer, Ralf"]
[Result "0-1"]
[WhiteElo "1782"]
[BlackElo "1734"]
[PlyCount "25"]
[EventDate "2019.??.??"]
[SourceDate "2018.10.06"]

1. d4 f5 2. c4 Nf6 3. Nc3 e6 4. Nf3 Be7 5. Bf4 O-O 6. e3 d5 7. Bd3 c6 8. Qc2
Ne4 9. O-O Nd7 10. Ne5 Nxe5 11. Bxe5 Bd7 12. f3 Nxc3 13. bxc3 0-1

[Event "SC Rochade Emsdetten 3 - SV Ibbenbüren "]
[Site "Verbandsklasse 2018/2019"]
[Date "2019.02.09"]
[Round "6.3"]
[White "Wolf, Sergej"]
[Black "Fehlings, Gerd"]
[Result "1-0"]
[WhiteElo "1734"]
[BlackElo "1772"]
[PlyCount "24"]
[EventDate "2019.??.??"]
[SourceDate "2018.10.06"]

1. d4 e6 2. Nf3 d5 3. Bg5 Be7 4. Bxe7 Qxe7 5. c3 Nf6 6. e3 O-O 7. Bd3 c5 8.
Nbd2 Nc6 9. Rc1 Bd7 10. O-O cxd4 11. exd4 a6 12. Re1 Rfc8 1-0

[Event "SC Rochade Emsdetten 3 - SV Ibbenbüren "]
[Site "Verbandsklasse 2018/2019"]
[Date "2019.02.09"]
[Round "6.4"]
[White "Schulte, Ralf"]
[Black "Werremeyer, Achim"]
[Result "1/2-1/2"]
[WhiteElo "1789"]
[BlackElo "1702"]
[PlyCount "26"]
[EventDate "2019.??.??"]
[SourceDate "2018.10.06"]

1. d4 Nf6 2. Nf3 e6 3. Bg5 d5 4. e3 Be7 5. Bd3 Nbd7 6. O-O c5 7. c3 O-O 8. Nbd2
b6 9. Qe2 Bb7 10. Rfd1 h6 11. Bh4 Ne4 12. Bxe7 Qxe7 13. Ba6 Bxa6 1/2-1/2

[Event "SC Rochade Emsdetten 3 - SV Ibbenbüren "]
[Site "Verbandsklasse 2018/2019"]
[Date "2019.02.09"]
[Round "6.5"]
[White "Jonas, Robert"]
[Black "Fuhrmann, Andreas"]
[Result "1/2-1/2"]
[WhiteElo "1672"]
[BlackElo "1641"]
[PlyCount "77"]
[EventDate "2019.??.??"]
[SourceDate "2018.10.06"]

1. e4 e6 2. d4 d5 3. exd5 exd5 4. Nf3 Nc6 5. Bb5 Bd6 6. O-O a6 7. Re1+ Nge7 8.
Ba4 O-O 9. c3 Bf5 10. Bg5 b5 11. Bc2 Qd7 12. Bxe7 Nxe7 13. Ne5 Bxe5 14. Rxe5
Bxc2 15. Qxc2 Ng6 16. Re3 Rfe8 17. Nd2 Rxe3 18. fxe3 Re8 19. Nf1 Qg4 20. Qd1
Qg5 21. Qf3 Nh4 22. Qg3 Qxg3 23. hxg3 Nf5 24. Kf2 h5 25. a4 Nd6 26. Nd2 Nf5 27.
Nf1 c6 28. axb5 axb5 29. b3 Re6 30. Ra8+ Kh7 31. Ra7 Rf6 32. Ke2 Kg6 33. Ra5
Re6 34. Kf3 Rf6 35. Ke2 Nd6 36. Nd2 Nf5 37. Nf1 Nh6 38. Nh2 Nf5 39. Nf1 1/2-1/2

[Event "SC Rochade Emsdetten 3 - SV Ibbenbüren "]
[Site "Verbandsklasse 2018/2019"]
[Date "2019.02.09"]
[Round "6.6"]
[White "Hoppe, Nico"]
[Black "Hartmann, Eugen"]
[Result "1-0"]
[WhiteElo "1652"]
[BlackElo "1772"]
[PlyCount "59"]
[EventDate "2019.??.??"]
[SourceDate "2018.10.06"]

1. e4 c6 2. d4 d5 3. e5 Bf5 4. h4 h6 5. Bd3 Bxd3 6. Qxd3 e6 7. f4 Qb6 8. Nf3 c5
9. b3 Nc6 10. Bb2 cxd4 11. Nxd4 Rc8 12. Nxc6 Qxc6 13. c3 d4 14. O-O dxc3 15.
Nxc3 Bc5+ 16. Kh2 Rd8 17. Qe2 Bd4 18. Rf3 Bxc3 19. Rxc3 Qd7 20. Rac1 g5 21. Ba3
Qd2 22. Qb5+ Qd7 23. Qb4 Qe7 24. Qa4+ Qd7 25. Qxa7 Qd2 26. Qa4+ Qd7 27. Qb4 Qe7
28. Qb6 Qxa3 29. Qxd8+ Kxd8 30. Rc8+ 1-0

[Event "SC Rochade Emsdetten 3 - SV Ibbenbüren "]
[Site "Verbandsklasse 2018/2019"]
[Date "2019.02.09"]
[Round "6.7"]
[White "Hartmann, Viktor"]
[Black "Willermann, Norbert"]
[Result "1/2-1/2"]
[WhiteElo "1642"]
[BlackElo "1590"]
[PlyCount "103"]
[EventDate "2019.??.??"]
[SourceDate "2018.10.06"]

1. d4 Nf6 2. c4 c5 3. d5 b5 4. b3 bxc4 5. bxc4 g6 6. Bb2 Bg7 7. Nd2 d6 8. e4
O-O 9. Ngf3 Bg4 10. Be2 Nbd7 11. O-O Rb8 12. Bc3 Qc7 13. h3 Bxf3 14. Bxf3 Rb7
15. Re1 Nh5 16. Qc2 Bxc3 17. Qxc3 Nhf6 18. g4 Rfb8 19. g5 Ne8 20. Bg2 Qb6 21.
Rab1 Qa6 22. Rxb7 Rxb7 23. a3 Qb6 24. Rb1 Qa6 25. Rxb7 Qxb7 26. f4 Ng7 27. Bf3
Qb6 28. Bg4 Qb7 29. e5 Nb6 30. exd6 exd6 31. Qf6 Qc7 32. Kf2 Ne8 33. Qc3 Qe7
34. Qd3 h5 35. Be2 Ng7 36. Ne4 Nd7 37. Bf3 Nf5 38. Qb3 Nb6 39. a4 Nd4 40. Qb2
Qd8 41. Nf6+ Kf8 42. Qa2 Qc8 43. Bg2 Qa6 44. Bf1 Qxa4 45. Qxa4 Nxa4 46. Ne4 Ke7
47. Ke3 Nb6 48. Kd3 Nd7 49. Kc3 f6 50. gxf6+ Nxf6 51. Ng5 Nd7 52. Bd3 1/2-1/2